Statistics for Career Playoff Passing Yards

Click here to take the quiz!

General Stats

  • This quiz has been taken 631 times
  • The average score is 25 of 50

Answer Stats

Hint Answer % Correct
6424Tom Brady
99%
6589Peyton Manning
98%
2516Eli Manning
97%
5772Joe Montana
94%
3326Steve Young
86%
4510Dan Marino
84%
5855Brett Favre
83%
3833Terry Bradshaw
81%
4964John Elway
81%
3539Drew Brees
81%
3849Troy Aikman
80%
2489Aaron Rodgers
78%
3952Kurt Warner
71%
3150Ben Roethlisberger
69%
2165Phillip Rivers
68%
3863Jim Kelly
67%
2672Joe Flacco
66%
2791Roger Staubach
66%
3752Donavan Mcnabb
65%
2870Warren Moon
65%
1753Bart Starr
63%
2125Dan Fouts
57%
1803Fran Tarkenton
54%
1679Phil Simms
53%
1335Drew Bledsoe
51%
2426Randell Cunningham
49%
1403Brad Johnson
43%
2641Ken Stabler
41%
1764Steve McNair
41%
1691Rich Gannon
38%
1497Len Dawson
34%
1467Bob Griese
33%
2293Jim Plunkett
33%
1847Jake Delhomme
28%
1556Kerry Collins
26%
1782Joe Theismann
25%
2741Matt Hasselbeck
24%
1833Mark Brunell
22%
1776Mark Rypien
22%
1357Jeff Garcia
20%
1374Colin Kaepernick
20%
1953Bernie Kosar
20%
1669Ron Jaworski
18%
2284Danny White
17%
1895Dave Krieg
14%
1340Jake Plummer
14%
1418Chad Pennington
11%
1709Neil O'Donnell
10%
1928Daryle Lamonica
7%
1347Stan Humphries
6%

Score Distribution

Percentile by Number Answered

Percent of People with Each Score

Your Score History

You have not taken this quiz